Normal view
MARC view
- Nathan, Arokia, Baltes, Henry
Entry Personal Name
001 - CONTROL NUMBER
- control field: 64715
003 - CONTROL NUMBER IDENTIFIER
- control field: NUST
005 - DATE AND TIME OF LATEST TRANSACTION
- control field: 20210628203324.0
008 - FIXED-LENGTH DATA ELEMENTS
- fixed length control field: 210628|| aca||aabn | a|a d
040 ## - CATALOGING SOURCE
- Original cataloging agency: NUST
- Transcribing agency: NUST
100 ## - HEADING--PERSONAL NAME
- Personal name: Nathan, Arokia, Baltes, Henry
670 ## - SOURCE DATA FOUND
- Source citation: Work cat.: (NUST): Nathan, Arokia, Baltes, Henry, Microtransducer cad, physical and computational aspects, 1999
